Coldest World Capitals Today, September 24 - Statistics

General Stats
  • This quiz has been taken 55 times
  • The average score is 14 of 21
Answer Stats
°C °F Capital % Correct
15 59 Helsinki
93%
14 57 Oslo
93%
9 48 Reykjavik
93%
16 61 Riga
93%
15 59 Stockholm
91%
16 61 Copenhagen
87%
16 61 London
87%
16 61 Tallinn
87%
15 59 Dublin
82%
9 48 Ulaanbaatar
80%
16 61 Amsterdam
76%
16 61 Brussels
76%
12 54 Wellington
67%
15 59 Canberra
64%
16 61 Vienna
60%
16 61 Luxembourg
58%
15 59 Thimphu
40%
15 59 Montevideo
29%
9 48 Ashgabat
20%
15 59 San Marino
11%
15 59 Zagreb
11%
No matching quizzes found
Score Distribution
Percent of People with Each Score
Percentile by Number Answered
Your Score History
You have not taken this quiz